| 000 | 00497nam a2200181Ia 4500 | ||
|---|---|---|---|
| 999 |
_c14051 _d14051 |
||
| 003 | OSt | ||
| 005 | 20201021110949.0 | ||
| 008 | 190216s9999||||xx |||||||||||||| ||und|| | ||
| 020 | _a0670895857 | ||
| 040 | _coclc | ||
| 082 |
_a821 _bSET/P |
||
| 100 |
_aSeth, Vikram _95577 |
||
| 245 | 4 |
_aThe Poems 1981-1994 / _cVikram Seth |
|
| 260 |
_bPenguin Books, _c1995. _aNew Zealand: |
||
| 300 | _a428p | ||
| 650 | _aEnglish Literature | ||
| 942 |
_cBK _2ddc _h821 _iSET/P _k821 _mSET/P |
||